00250 a2200121 450000100060000000300050000608200150001110000140002624500290004026000310006930000100010050000180011089874NUST a813.54 BRO aBrown Dan aThe Lost SymbolhEnglish aLondonbBantam Pressc2009 a509p. aGeneral Books